000 00279nam a22001217a 4500
008 180803b xxu||||| |||| 00| 0 eng d
082 _a813.52
245 _aNursing Assistant Skills
_cSorrentino
260 _c2006
300 _a1
_fDVD
440 _x9996012360
942 _2ddc
_cMX
999 _c46767
_d46767